Istanbul Subway Stations Quiz Stats

 Plays Quiz not verified by Sporcle

Score 0/121 Timer 20:00
0 Plays Today
Hint Answer % Correct
M1A - M1BAksaray
100%
M1A - MarmarayZeytinburnu
100%
M2 - F1Taksim
100%
M2Osmanbey
100%
M2Gayrettepe
100%
M2 - M6Levent
100%
M24.Levent
100%
M1A - M1B - M2 - MarmarayYenikapı
50%
M1A - M1BEmniyet-Fatih
50%
M1A - M1BBayrampaşa-Maltepe
50%
M1A - MarmarayBakırköy
50%
M1BBağcılar Meydan
50%
M2Şişli-Mecidiyeköy
50%
M2İTÜ-Ayazağa
50%
F2Karaköy
50%
F1Kabataş
50%
M4Kadıköy
50%
M4 - MarmarayMaltepe
50%
M4 - MarmarayKartal
50%
M4 - MarmarayPendik
50%
M5 - MarmarayÜsküdar
50%
M5Ümraniye
50%
MarmarayKüçükçekmece
50%
MarmaraySirkeci
50%
MarmarayTuzla
50%
M1A - M1BTopkapı-Ulubatlı
0%
M1A - M1BSağmalcılar
0%
M1A - M1BKocatepe
0%
M1A - M1BOtogar
0%
M1ATerazidere
0%
M1ADavutpaşa-YTÜ
0%
M1AMerter
0%
M1ABahçelievler
0%
M1A - MarmarayAtaköy-Şirinevler
0%
M1AYenibosna
0%
M1ADTM-İstanbul Fuar Merkezi
0%
M1AAtatürk Havalimanı
0%
M1BEsenler
0%
M1BMenderes
0%
M1BÜçyüzlü
0%
M1B - M3Kirazlı
0%
Hint Answer % Correct
M2Vezneciler-İstanbul Üniversitesi
0%
M2Haliç-Golden Horn
0%
M2Şişhane-Zemin İstanbul
0%
M2Sanayi
0%
M2Atatürk Oto Sanayi-Vodafone
0%
M2Darüşşafaka
0%
M2Hacıosman
0%
M2 - F3Seyrantepe
0%
F3Vadistanbul
0%
F2Beyoğlu
0%
M3Yenimahalle
0%
M3Mahmutbey
0%
M3İstoç
0%
M3İkitelli Sanayi
0%
M3Turgut Özal
0%
M3Siteler
0%
M3Başak Konutları
0%
M3Başakşehir Metrokent
0%
M4 - MarmarayAyrılık Çeşmesi
0%
M4Acıbadem
0%
M4Ünalan
0%
M4 - MarmarayGöztepe
0%
M4Yenisahra
0%
M4Kozyatağı
0%
M4 - MarmarayBostancı
0%
M4 - MarmarayKüçükyalı
0%
M4Huzurevi
0%
M4Gülsuyu
0%
M4Esenkent
0%
M4Hastane-Adliye
0%
M4Soğanlık
0%
M4Yakacık-Adnan Kahveci
0%
M4Tavşantepe
0%
M5Fıstıkağacı
0%
M5Bağlarbaşı
0%
M5Altunizade
0%
M5Kısıklı
0%
M5Bulgurlu
0%
M5Çarşı
0%
M5Yamanevler
0%
M5Çakmak
0%
Hint Answer % Correct
M5Ihlamurkuyu
0%
M5Altınşehir
0%
M5Lise
0%
M5Dudullu
0%
M5Necip Fazıl
0%
M5Çekmeköy
0%
M6Nispetiye
0%
M6Etiler
0%
M6Boğaziçi Üniversitesi
0%
MarmarayMustafa Kemal
0%
MarmarayHalkalı
0%
MarmarayFlorya
0%
MarmarayFlorya Akvaryum
0%
MarmarayYeşilköy
0%
MarmarayYeşilyurt
0%
MarmarayYenimahalle
0%
MarmarayKazlıçeşme
0%
MarmaraySöğütlüçeşme
0%
MarmarayFeneryolu
0%
MarmarayErenköy
0%
MarmaraySuadiye
0%
Marmarayİdealtepe
0%
MarmaraySüreyya Plajı
0%
MarmarayCevizli
0%
MarmarayAtalar
0%
MarmarayBaşak
0%
MarmarayYunus
0%
MarmarayKaynarca
0%
MarmarayTersane
0%
MarmarayGüzelyalı
0%
MarmarayAydıntepe
0%
Marmarayİçmeler
0%
MarmarayÇayırova
0%
MarmarayGebze Teknik Üniversitesi-Fatih
0%
MarmarayOsmangazi
0%
MarmarayDarıca
0%
MarmarayGebze
0%
M3Ziya Gökalp Mahallesi
0%
M3Olimpiyatköy
0%

You're not logged in!

Compare scores with friends on all Sporcle quizzes.
OR
Log In

Sporcle TV

Today on Sporcle TV


Watch our educational content, quiz creation guides, and fun videos on Sporcle TV.

Show Comments

Extras

Created Sep 4, 2019ReportNominate
Tags:istanbul, station, subway

Top Quizzes Today


Score Distribution

Your Account Isn't Verified!

In order to create a playlist on Sporcle, you need to verify the email address you used during registration. Go to your Sporcle Settings to finish the process.

Report this User

Report this user for behavior that violates our Community Guidelines.

Details: